Một số trường hợp sử dụng vũ khí phương tiện nguy hiểm trong tội cướp tài sản /

সংরক্ষণ করুন:
গ্রন্থ-পঞ্জীর বিবরন
প্রধান লেখক: Đặng Văn Phương.
বিন্যাস: প্রবন্ধ
ভাষা:Vietnamese
বিষয়গুলি:
ট্যাগগুলো: ট্যাগ যুক্ত করুন
কোনো ট্যাগ নেই, প্রথমজন হিসাবে ট্যাগ করুন!
Thư viện lưu trữ: Thư viện Trường Đại học Đà Lạt
LEADER 00838nam a2200277 4500
001 DLU100109108
005 ##20100615
040 # # |a DLU  |b vie 
041 # # |a vie 
044 # # |a vn 
100 # # |a Đặng Văn Phương. 
245 # # |a Một số trường hợp sử dụng vũ khí phương tiện nguy hiểm trong tội cướp tài sản /  |c Đặng Văn Phương. 
653 # # |a Bộ luật hình sự 
653 # # |a Cướp 
653 # # |a Phạm tội 
653 # # |a Vũ khí 
773 # # |t Tạp chí Toà án nhân dân  |g Số9(17), 2008, tr. 37-40 
920 # # |a Phòng Tạp chí -- Trung tâm Thông tin - Thư viện Trường Đại học Đà Lạt 
994 # # |a DLU 
900 # # |a True 
911 # # |a Nguyễn Thị Linh Chi 
925 # # |a G 
926 # # |a A 
927 # # |a BB 
980 # # |a Thư viện Trường Đại học Đà Lạt